Southville International School and Colleges
Your cart is empty.
  • Cart
  • Lists
    Public lists Eva Luna New books Lux_list list_1
    Your lists Log in to create your own lists
  • Log in to your account
  • Your cookies
  • Search history
Southville International School and Colleges
  • Advanced search
  • Recent comments
  • Most popular
  • Libraries

Log in to your account

Log in with GOOGLE


If you do not have an external account, but do have a local account, you can still log in:

  1. Home
  2. MARC view: Lungsod iskwater :
Normal view MARC view ISBD view

Lungsod iskwater : (Record no. 25502)

[ view plain ]
MARC details
000 -LEADER
fixed length control field 00914nam a2200229 a 4500
005 - DATE AND TIME OF LATEST TRANSACTION
control field 20140310183625.0
008 - FIXED-LENGTH DATA ELEMENTS--GENERAL INFORMATION
fixed length control field 130408s19uu xx 00 eng d
020 ## - INTERNATIONAL STANDARD BOOK NUMBER
International Standard Book Number 9789712725029
050 ## - LIBRARY OF CONGRESS CALL NUMBER
Classification number HD 7287.96.P5
Item number .Al349 2011
100 ## - MAIN ENTRY--PERSONAL NAME
Personal name Alcazaren, Paulo.
245 ## - TITLE STATEMENT
Title Lungsod iskwater :
Remainder of title the evolution of informality as a dominant pattern in Philippine cities /
Statement of responsibility, etc texts by Paulo Alcazaren, Luis Ferrer, Benvenuto Icamina ; photographs by Neal Oshima.
260 ## - PUBLICATION, DISTRIBUTION, ETC. (IMPRINT)
Place of publication, distribution, etc Pasig City, Philippines :
Name of publisher, distributor, etc Anvil Pub,
Date of publication, distribution, etc 2010.
300 ## - PHYSICAL DESCRIPTION
Extent 252 p. :
Other physical details ill. col. ;
Dimensions 30 cm.
650 ## - SUBJECT ADDED ENTRY--TOPICAL TERM
Topical term or geographic name as entry element Slums
General subdivision Pictorial works
-- Philippines
-- Metro Manila
650 ## - SUBJECT ADDED ENTRY--TOPICAL TERM
Topical term or geographic name as entry element Squatter settlements
General subdivision Pictorial works
-- Philippines
-- Metro Manila
650 ## - SUBJECT ADDED ENTRY--TOPICAL TERM
Topical term or geographic name as entry element Squatters
General subdivision Social conditions
-- Philippines
-- Metro Manila
700 ## - ADDED ENTRY--PERSONAL NAME
Personal name Ferrer, Luis
700 ## - ADDED ENTRY--PERSONAL NAME
Personal name Icamina, Benvenuto
700 ## - ADDED ENTRY--PERSONAL NAME
Personal name Oshima, Neal
942 ## - ADDED ENTRY ELEMENTS (KOHA)
Koha item type Books
Source of classification or shelving scheme Library of Congress Classification
Call number prefix Local
Holdings
Withdrawn status Lost status Source of classification or shelving scheme Damaged status Home library Current library Shelving location Date acquired Total Checkouts Full call number Barcode Date last seen Copy number Price effective from Koha item type
    Library of Congress Classification   College Library College Library Filipiniana Section 03/26/2013   HD 7287.96.P5 .Al349 2011 C15625 05/08/2018 1 03/10/2014 Books

Lungsod iskwater :

APA

Alcazaren P., Ferrer L., Icamina B. & Oshima N. (2010). Lungsod iskwater. Pasig City, Philippines: Anvil Pub.

Chicago

Alcazaren Paulo, Ferrer Luis, Icamina Benvenuto and Oshima Neal. 2010. Lungsod iskwater. Pasig City, Philippines: Anvil Pub.

Harvard

Alcazaren P., Ferrer L., Icamina B. and Oshima N. (2010). Lungsod iskwater. Pasig City, Philippines: Anvil Pub.

MLA

Alcazaren Paulo, Ferrer Luis, Icamina Benvenuto and Oshima Neal. Lungsod iskwater. Pasig City, Philippines: Anvil Pub. 2010.

  • Place hold
  • Print
  • Cite
  • Add to your cart (remove)
  • Save record
    BIBTEX Dublin Core MARCXML MARC (non-Unicode/MARC-8) MARC (Unicode/UTF-8) MARC (Unicode/UTF-8, Standard) MODS (XML) RIS
  • More searches
    Search for this title in:
    Other Libraries (WorldCat) Other Databases (Google Scholar) Online Stores (Bookfinder.com) Open Library (openlibrary.org)

Exporting to Dublin Core...

SOUTHVILLE LIBRARY

Southville International School and Colleges Library

1281 Tropical Ave. Cor. Luxembourg St., BF Homes International, Las Pinas City

Tel. No. 8256374 / 252358 Loc. 117/146

Powered by Koha